|
|
|
|
| LEADER |
00000nab#a22000007a#4500 |
| 001 |
arbauad041463 |
| 003 |
AR-BaUAD |
| 005 |
20250711113236.0 |
| 008 |
991112|||||||||###||||||b###|0###a|spa|| |
| 040 |
|
|
|a AR-BaUAD
|c AR-BaUAD
|b spa
|
| 100 |
|
|
|a Keating, Prosper
|
| 245 |
|
|
|a Paolo Roversi :
|b the bright side of planet fashion /
|c Prosper Keating;
|
| 300 |
0 |
|
|b fot.
|
| 653 |
|
|
|a DISEÑO GRAFICO
|
| 653 |
|
|
|a FOTOGRAFIAS
|
| 653 |
|
|
|a MODA
|
| 653 |
|
|
|a PARIS
|
| 653 |
|
|
|a FRANCIA
|
| 653 |
|
|
|a FOTOGRAFOS
|
| 653 |
|
|
|a ROVERSI, PAOLO
|
| 773 |
0 |
|
|t GRAPHIS
|g Nº323 [set.-oct. 1999], p. 52-67
|
| 942 |
|
|
|c ARTI
|
| 952 |
|
|
|0 0
|1 0
|4 0
|7 0
|9 86382
|a AR-BAuAD
|b AR-BAuAD
|d 2025-07-11
|l 0
|p AAQA041463
|r 2025-07-11 11:32:36
|w 2025-07-11
|y ARTI
|
| 990 |
|
|
|a DG199
|b TD
|
| 998 |
|
|
|a AAQ
|b BIBUN76
|
| 999 |
|
|
|c 66055
|d 66055
|